Andorra A-Z - Statistics

General Stats
  • This quiz has been taken 238 times
    89 since last reset
  • The average score is 15 of 26
Answer Stats
Letter Hint Answer % Correct
A Capital city Andorra la Vella
97%
F Country north of Andorra France
92%
E Currency Euro
88%
Y Does Andorra have more than 80,000 people? Yes
88%
Z No. of Olympic Medals Zero
87%
W Time of year when tourists go skiing here Winter
86%
C Official language Catalan
83%
L Andorra has no coast which means it's... Landlocked
78%
P Mountain area in Andorra Pyrenees
75%
N Andorra has no _____ bank National
73%
Q The last earth____ took place in 1373 Quake
70%
J A yearly festival is held here to celebrate which music genre? Jazz
68%
K Which country does Andorra recognise that Spain does not? Kosovo
66%
U International organization joined in 1993 United Nations
66%
R 90% of the population follow this religion Roman Catholic
58%
X First name of current Prime Minister Espot Zamora Xavier
58%
G By law the male head of each family in Andorra is required to own a... Gun
51%
H What is provided by the government for free to all individuals employed? Healthcare
44%
I The country is______ F and Spain. inbetween
42%
B A Co-Leader of Andorra Bishop of Urgell
39%
V After the Roman Empire, Andorra came under the influence of this group Visigoths
26%
O Name of one of the 7 parishes Ordino
25%
T Their main economic activity used to be producing this Tobacco
25%
M National holiday celebrated on September 8 Meritxell Day
6%
S This Russian adventurer briefly declared himself King of Andorra in 1934 Boris {Skossyreff}
5%
D The largest political party in the last decade Democrats for Andorra
5%
No matching quizzes found
Score Distribution
Percent of People with Each Score
Percentile by Number Answered
Your Score History
You have not taken this quiz since the last reset